Central Library, Doon University
WEBOPAC (ONLINE PUBLIC ACCESS CATALOGUE)

Biodiversity (Record no. 60724)

MARC details
000 -LEADER
fixed length control field 00507nam a22001937a 4500
005 - DATE & TIME
control field 20260423165155.0
008 - FIXED-LENGTH DATA ELEMENTS--GENERAL INFORMATION
fixed length control field 260423b |||||||| |||| 00| 0 eng d
020 ## - ISBN
International Standard Book Number 9789348385826
Price 395.00
040 ## - CATALOGING SOURCE
Original cataloging agency Doon University
041 ## - Language
Language English
082 ## - DDC NUMBER
Classification number 333.95
Book Number MAN
100 ## - MAIN ENTRY--PERSONAL NAME
Personal name Mandal, Fatik Baran
245 ## - TITLE STATEMENT
Title Biodiversity
260 ## - PUBLICATION, DISTRIBUTION, ETC. (IMPRINT)
Place of publication, distribution, etc New Delhi
Name of publisher, distributor, etc CBS Publishers
Date of publication, distribution, etc 2026
300 ## - PHYSICAL DESCRIPTION
Pages 344
650 ## - Subject
Subject Environment Science (PM USHA)
700 ## - Added Entry Personal Name
Added Entry Personal Name Nandi, Nepal Chandra
942 ## - ADDED ENTRY ELEMENTS (KOHA)
Koha item type Books
100 ## - MAIN ENTRY--PERSONAL NAME
-- 26735
650 ## - Subject
-- 26725
700 ## - Added Entry Personal Name
-- 26736
952 ## - LOCATION AND ITEM INFORMATION (KOHA)
-- 2026-04-23
952 ## - LOCATION AND ITEM INFORMATION (KOHA)
-- 2026-04-23
952 ## - LOCATION AND ITEM INFORMATION (KOHA)
-- 2026-04-23
Holdings
Withdrawn status Lost status Source of classification or shelving scheme Damaged status Not for loan Location (home branch) Sublocation or collection (holding branch) Date acquired Koha issues (times borrowed) Koha full call number Accession No. Koha date last seen Koha item type
          Doon University Doon University 23.04.2026   333.95 MAN 32886 23.04.2026 Books
          Doon University Doon University 23.04.2026   333.95 MAN 32887 23.04.2026 Books
          Doon University Doon University 23.04.2026   333.95 MAN 32888 23.04.2026 Books
Contact : +91-135-2533126 (Library),+91-135-2533105 (Admin Office) , Email : doonlibrary@gmail.com

Powered by Koha